[Event "Kubok SZFO 2011"]
[Site "?"]
[Date "2011.12.10"]
[Round "6"]
[White "Kiselev, G."]
[Black "Ivanov, S."]
[Result "1/2-1/2"]
[WhiteElo "2447"]
[BlackElo "2355"]
[PlyCount "78"]
[EventDate "2011.12.10"]
[SourceDate "2011.12.10"]

1. e4 e5 2. Nf3 Nc6 3. Bb5 f5 4. d3 fxe4 5. dxe4 Nf6 6. Be3 d6 7. Nc3 Be7 8.
Qd3 a6 9. Bxc6+ bxc6 10. Rd1 Be6 11. Ng5 Bg8 12. f4 exf4 13. Bxf4 Nh5 14. Nh3
Nxf4 15. Nxf4 Bh4+ 16. g3 Bf6 17. Qf3 Qd7 18. Nd3 Be6 19. e5 Bg4 20. Qe4 d5 21.
Qd4 Bg5 22. Nc5 Qc8 23. e6 Bxd1 24. Qxg7 Rf8 25. Qxg5 Bf3 26. O-O Qd8 27. Qe5
Qd6 28. Qd4 O-O-O 29. Re1 Rde8 30. b4 Rg8 31. Kf2 Qf8 32. Re5 Rg4 33. Qe3 Be4+
34. Kg1 Qg7 35. Nd7 Rxe6 36. Rxe6 Kxd7 37. Nxe4 Kxe6 38. Nf2+ Kd7 39. Nxg4 Qxg4
1/2-1/2

[Event "Kubok SZFO 2011"]
[Site "?"]
[Date "2011.12.10"]
[Round "6"]
[White "Suleymanyants, O."]
[Black "Malinin, Y."]
[Result "0-1"]
[WhiteElo "2290"]
[BlackElo "2311"]
[PlyCount "72"]
[EventDate "2011.12.10"]
[SourceDate "2011.12.10"]

1. e4 e5 2. Nf3 Nc6 3. Bc4 Bc5 4. O-O Nf6 5. Nc3 d6 6. d3 Bg4 7. h3 Bh5 8. Nd5
Nxd5 9. Bxd5 Rb8 10. c3 O-O 11. g4 Bg6 12. Bg5 Qd7 13. Nh4 Kh8 14. Qf3 Ne7 15.
Bb3 f6 16. Bd2 a5 17. Nxg6+ Nxg6 18. Qg3 a4 19. Bc2 b5 20. a3 c6 21. Rad1 d5
22. h4 d4 23. h5 Ne7 24. Bc1 Qe6 25. Kh2 g5 26. hxg6 Nxg6 27. Kg2 Rg8 28. Rh1
Rb7 29. Rh2 dxc3 30. bxc3 Qa2 31. Qf3 Qxc2 32. Qxf6+ Rgg7 33. Rdh1 Kg8 34. Kg3
Rbf7 35. Qe6 Bxf2+ 36. Kh3 Qxd3+ 0-1

[Event "Kubok SZFO 2011"]
[Site "?"]
[Date "2011.12.10"]
[Round "6"]
[White "Rakhmanov, A."]
[Black "Toivonen, S."]
[Result "1-0"]
[WhiteElo "2586"]
[BlackElo "2254"]
[PlyCount "67"]
[EventDate "2011.12.10"]
[SourceDate "2011.12.10"]

1. d4 d5 2. c4 c6 3. Nf3 Nf6 4. Qb3 dxc4 5. Qxc4 Bf5 6. g3 e6 7. Bg2 Nbd7 8.
O-O Be7 9. e3 O-O 10. Rd1 Qc7 11. Nc3 Ne4 12. Ne1 Nxc3 13. bxc3 e5 14. e4 Bg4
15. f3 Be6 16. Qe2 Nb6 17. f4 exd4 18. cxd4 f5 19. d5 cxd5 20. exd5 Bf7 21. Bb2
Rfe8 22. Be5 Bd6 23. Rac1 Qe7 24. Nf3 Rad8 25. Qb5 Rc8 26. Rxc8 Rxc8 27. Qd3
Bxd5 28. Ng5 Bc5+ 29. Kh1 Bxg2+ 30. Kxg2 h6 31. Qb3+ Kh8 32. Ne6 Rg8 33. Nxc5
Qxc5 34. Rd6 1-0

[Event "Kubok SZFO 2011"]
[Site "?"]
[Date "2011.12.10"]
[Round "6"]
[White "Anjuhin, A."]
[Black "Smirnov, V."]
[Result "1/2-1/2"]
[WhiteElo "2324"]
[BlackElo "2253"]
[PlyCount "27"]
[EventDate "2011.12.10"]
[SourceDate "2011.12.10"]

1. e4 e5 2. Nf3 Nc6 3. Nc3 Nf6 4. d4 exd4 5. Nxd4 Bb4 6. Nxc6 bxc6 7. Bd3 d5 8.
exd5 cxd5 9. O-O O-O 10. Bg5 c6 11. Qf3 h6 12. Bxf6 Qxf6 13. Qxf6 gxf6 14. Na4
1/2-1/2